| 000 | 00658nam a2200205 u 4500 | ||
|---|---|---|---|
| 005 | 20220528063520.0 | ||
| 008 | 100924s2005 r 000 0 eng d | ||
| 020 | _a9788496336638 (13 dígitos) | ||
| 020 | _a8496336638 (10 dígitos) | ||
| 035 | _aUPN01000177926 | ||
| 049 | _aI | ||
| 050 | 4 |
_aPZ74.9 _bA4.26 |
|
| 100 | 1 |
_aAlonso, Fernando, _d1941- _930640 |
|
| 245 | 1 | 3 |
_aEl bosque de piedra / _cFernando Alonso ; il. Juan Ramón Alonso. |
| 260 |
_aBarcelona, Esp. : _bPlaneta & Oxford, _c2005. |
||
| 300 |
_a179 p. : _bil. |
||
| 440 | 0 |
_aCamaleón ; _v7. _pAzul a partir de 12 años |
|
| 650 | 0 |
_aLiteratura juvenil española _912359 |
|
| 905 | _aInfantil | ||
| 999 |
_c150029 _d150029 |
||